[Event "ACL-T174"]
[Site "www.playchess.de"]
[Date "2006.03.17"]
[Round "1"]
[White "DaLyrik"]
[Black "Cramneck"]
[WhiteElo "1500"]
[BlackElo "2133"]
[PlyCount "56"]
[Result "0-1"]

1.d4 Nf6 2.c4 g6 3.Nc3 Bg7 4.e4 d6 5.Nf3 O-O {Hi 
from England}  6.g3 Bg4 7.Bg2 Nc6 8.Be3 e5 9.d5 
Nd4 10.O-O Re8 11.Bxd4 exd4 12.Qxd4 Nxe4 13.Qd3 
Bf5 14.Nxe4 Bxe4 15.Qd2 Qf6 16.Rfe1 Bxf3 17.Bxf3 
Qxf3 18.Rxe8+ Rxe8 19.Qf4 Qxf4 20.gxf4 Re2 21.Kf1 
Rxb2 22.a4 Rxf2+ 23.Kxf2 Bxa1 24.Ke3 f5 25.a5 a6 
26.h4 Bc3 27.Kd3 Bxa5 28.Kd4 Bb6+ 0-1

[Event "HCL-B3872"]
[Site "www.playchess.de"]
[Date "2006.03.17"]
[Round "8"]
[White "adelar"]
[Black "German04"]
[WhiteElo "1342"]
[BlackElo "1151"]
[PlyCount "99"]
[Result "1-0"]

1.e4 e5 2.Nf3 Nc6 3.Bb5 d6 4.d4 exd4 5.Nxd4 Bd7 
6.Nxc6 bxc6 7.Bc4 Nf6 8.Bg5 Be7 9.Nc3 O-O 10.O-O 
h6 11.Bh4 Rb8 12.Re1 Rb4 13.b3 Be6 14.Bxe6 fxe6 
15.a3 Rb8 16.Qd3 Ng4 17.Bxe7 Qxe7 18.Re2 Qh4 
19.Qh3 Qxh3 20.gxh3 Ne5 21.Rf1 Rf4 22.Re3 Rbf8 
23.Nd1 R8f6 24.Rg3 c5 25.f3 Nxf3+ 26.Kh1 e5 27.Ne3 
Ng5 28.Rgg1 Nxe4 29.Rxf4 Rxf4 30.Re1 Rf3 31.Nd5 
Nf6 32.Nxc7 Rxh3 33.Rg1 a5 34.Ne6 g5 35.Nd8 Rh4 
36.Nb7 a4 37.Nxd6 axb3 38.cxb3 Ng4 39.Rg2 Ne3 
40.Re2 Rh3 41.a4 Rf3 42.Re1 Nc2 43.Rxe5 Rxb3 
44.Rxc5 Ne3 45.Kg1 Rb1+ 46.Kf2 Nd1+ 47.Ke2 Ra1 
48.a5 Nb2 49.Rb5 Nc4 50.Nxc4 1-0

[Event "HCL-C4123"]
[Site "www.playchess.de"]
[Date "2006.03.17"]
[Round "21"]
[White "Kelthek"]
[Black "JMD"]
[WhiteElo "712"]
[BlackElo "1280"]
[PlyCount "60"]
[Result "0-1"]

1.d4 Nf6 {hello from Paris}  2.Nf3 {Hello and good 
luck}  d5 3.e3 e6 4.Nc3 Bb4 5.Bb5+ c6 6.Ba4 b5 
7.Bb3 Bxc3+ 8.bxc3 a5 9.a4 Ne4 10.Ne5 Nxc3 11.Qf3 
O-O 12.O-O bxa4 13.Bxa4 Nxa4 14.Rxa4 f6 15.Ng4 Nd7 
16.Qf4 e5 17.dxe5 fxe5 18.Qg3 Qe7 19.Ba3 Nc5 
20.Bxc5 Qxc5 21.Qxe5 Bxg4 22.Rxg4 Rf7 23.Rc1 Re7 
24.Qf5 Rf8 25.Qh5 Rxe3 26.Qg5 Re7 27.g3 Qxf2+ 
28.Kh1 Rfe8 29.Rf4 R7e1+ 30.Rxe1 
Rxe1+ 0-1

[Event "HCL-B3854"]
[Site "www.playchess.de"]
[Date "2006.03.17"]
[Round "4"]
[White "Ivan_Lacerda"]
[Black "cocohubert"]
[WhiteElo "1203"]
[BlackElo "1326"]
[PlyCount "75"]
[Result "1/2-1/2"]

1.e4 {Ola amigo!!! Saudaciones brasileñas...}  c5 
2.Nf3 d6 3.Bc4 a6 4.h3 b5 5.Be2 Bb7 6.c4 bxc4 
7.Nc3 Nc6 8.Bxc4 Nf6 9.d3 Na5 10.Qa4+ Bc6 11.Qc2 
Nxc4 12.dxc4 e5 13.Bg5 Be7 14.Bxf6 Bxf6 15.Nd5 
Bxd5 16.cxd5 O-O 17.O-O Qb6 18.b3 Rfc8 19.Rac1 Be7 
20.Nd2 Bg5 21.Rcb1 Bxd2 22.Qxd2 Qb4 23.Qxb4 cxb4 
24.Rfc1 a5 25.Rc6 Rxc6 26.dxc6 Kf8 27.f4 f6 28.f5 
Ke8 29.Rd1 Ke7 30.Rd5 Ra6 31.Rb5 Rxc6 32.Rb7+ Kf8 
33.Ra7 Rc5 34.Kh2 d5 35.exd5 Rxd5 36.Ra8+ Ke7 
37.Ra7+ Kf8 {quieres las tablas? .........}  
38.Ra8+ {(offering draw) draw is a good situation 
now, what´s your opinion abaout?
Perdon, Yo no conosco la palabra tablas...} 
 1/2-1/2

[Event "HCL-M865"]
[Site "www.playchess.de"]
[Date "2006.03.17"]
[Round "2"]
[White "AMT"]
[Black "FrankyB58"]
[WhiteElo "1891"]
[BlackElo "2214"]
[PlyCount "111"]
[Result "1-0"]

1.d4 {succes}  Nf6 2.c4 {drop veter}  g6 3.Nc3 Bg7 
4.e4 d6 5.Nf3 O-O 6.h3 e5 7.d5 Nbd7 8.Be3 Nc5 
9.Nd2 a5 10.g4 Ne8 11.h4 h6 12.Qf3 a4 13.Be2 c6 
14.g5 h5 15.Bxc5 dxc5 16.Qe3 Qa5 17.O-O Nd6 
18.Rab1 Rd8 19.b3 a3 20.Na4 cxd5 21.cxd5 b6 22.Nc3 
Qb4 23.Nc4 Bb7 24.Rfd1 Ba6 25.Nxd6 Rxd6 26.Bxa6 
Rxa6 27.Qd3 Ra5 28.Rbc1 b5 29.Kf1 f6 30.Kg2 Kh7 
31.Kg1 Kg8 32.Qe3 Ra7 33.Nb1 Rc7 34.Qe1 Qxe1+ 
35.Rdxe1 Ra6 36.Kg2 Bf8 37.Red1 c4 38.Rc2 fxg5 
39.hxg5 {(offering draw)}  Rb6 40.f4 Bd6 41.fxe5 
cxb3 42.Rxc7 Bxc7 43.axb3 Bxe5 44.Nxa3 Kf7 45.Nc2 
Ke7 46.Nb4 Kd6 47.Rf1 Rb8 48.Rc1 Rb6 49.Rc8 Kd7 
50.Ra8 Kc7 51.Nc6 Rxc6 52.dxc6 Kxc6 53.Ra6+ Kc5 
54.Rxg6 Kb4 55.Rf6 Kc3 56.Rf5 1-0

[Event "HCL-C4079"]
[Site "www.playchess.de"]
[Date "2006.03.17"]
[Round "3"]
[White "Treebeard"]
[Black "Farquhart"]
[WhiteElo "1239"]
[BlackElo "570"]
[PlyCount "29"]
[Result "1-0"]

1.e4 {Hello}  e5 2.Nf3 Nf6 3.Nxe5 Nxe4 4.Qe2 Ng5 
5.Ng6+ Be7 6.Nxh8 g6 7.g3 d6 8.b3 Kd7 9.Bb2 f6 
10.Nxg6 hxg6 11.f4 Nh7 12.Qg4+ f5 13.Qxg6 Nf8 
14.Qxf5+ Ke8 15.Qh5+ 1-0

[Event "HCL-B3918"]
[Site "www.playchess.de"]
[Date "2006.03.17"]
[Round "8"]
[White "googleforu"]
[Black "foinaven"]
[WhiteElo "1163"]
[BlackElo "1403"]
[PlyCount "27"]
[Result "1/2-1/2"]

1.e4 c5 2.d4 cxd4 3.Qxd4 Nc6 4.Qd1 Nf6 5.Nc3 d6 
6.Nf3 e6 7.Be3 Be7 8.e5 Nxe5 9.Nxe5 dxe5 10.Qxd8+ 
Bxd8 11.Bb5+ Bd7 12.Rd1 Bc6 {A draw would promote 
both of us in this tournament.....}  13.Bc5 Nd5 
14.Bxc6+ {(offering draw) I agree for a draw} 
 1/2-1/2

[Event "HCL-M891"]
[Site "www.playchess.de"]
[Date "2006.03.17"]
[Round "6"]
[White "suffix"]
[Black "Dailos"]
[WhiteElo "2162"]
[BlackElo "2185"]
[PlyCount "116"]
[Result "0-1"]

1.d4 {Hi again !}  Nf6 2.Bf4 d5 {Hi. Good luck!}  
3.e3 e6 4.c3 Bd6 5.Bg3 O-O 6.Bd3 Nc6 7.Nf3 Ne4 
8.Nbd2 Nxg3 9.hxg3 h6 10.Qc2 f5 11.Rh2 Bd7 
12.O-O-O a5 13.Rdh1 a4 14.a3 Qf6 15.R2h4 Qe7 16.g4 
fxg4 17.Rxg4 e5 18.Rgh4 e4 19.Nxe4 dxe4 20.Bxe4 
Nd8 21.g4 Ra5 22.g5 Rxf3 23.Bxf3 Rxg5 24.Be4 
{(offering draw)}  c5 {It´s very early}  25.Qd3 
{ok}  cxd4 26.cxd4 Qe8 27.Kd2 Kf8 28.Qc2 b5 29.Ke2 
b4 30.f4 Rb5 31.axb4 Nc6 32.Bxc6 Bxc6 33.Rc1 Be4 
34.Qxa4 Rxb4 35.Qxe8+ Kxe8 36.Rc8+ Ke7 37.Kf1 Rxb2 
38.Rg4 g6 39.Rh8 h5 40.Rg3 Bd3+ 41.Kg1 Re2 42.Rh7+ 
Ke6 43.Rh6 Be7 44.f5+ Bxf5 45.Kf1 Rb2 46.Rhxg6+ 
Bxg6 47.Rxg6+ Kf5 48.Rg7 Bd6 49.Rg2 Rb3 50.Ke2 h4 
51.e4+ Kf4 52.e5 h3 53.Rg7 h2 54.Rh7 Be7 55.d5 Kg4 
56.Rxh2 Rb2+ 57.Kd3 Rxh2 58.d6 
Bg5 0-1

[Event "HCL-B3779"]
[Site "www.playchess.de"]
[Date "2006.03.17"]
[Round "8"]
[White "superyetkin"]
[Black "mn"]
[WhiteElo "1286"]
[BlackElo "1173"]
[PlyCount "87"]
[Result "1-0"]

1.g3 d5 2.Bg2 c6 3.e4 dxe4 4.Bxe4 Nf6 5.Bg2 Bg4 
6.f3 Bh5 7.Nh3 e5 8.d3 Be7 9.Bg5 Nbd7 10.g4 Bg6 
11.Nf2 Qb6 12.b3 O-O-O 13.Nd2 Bb4 14.O-O h5 15.Bh3 
hxg4 16.Bxg4 Be7 17.Bxf6 gxf6 18.Nc4 Qd4 19.Bxd7+ 
Qxd7 20.Qd2 Rdg8 21.Kh1 Bh5 22.Qe3 b6 23.a4 Bc5 
24.Qe2 Qd5 25.Ne4 Rg6 26.Nxc5 Qxc5 27.Qe3 Qd5 
28.Qe4 Kc7 29.Qxd5 cxd5 30.Ne3 Kd6 31.c4 e4 
32.dxe4 dxe4 33.fxe4 Be2 34.Rf2 Bd3 35.Rd1 Rhg8 
36.Rxd3+ Kc6 37.Rg2 f5 38.Rxg6+ fxg6 39.exf5 gxf5 
40.Nxf5 Rf8 41.Nd4+ Kb7 42.Ne6 Re8 43.Nd4 Rd8 
44.Kg2 1-0

[Event "HCL-C4098"]
[Site "www.playchess.de"]
[Date "2006.03.17"]
[Round "23"]
[White "spartan1"]
[Black "newplayer"]
[WhiteElo "908"]
[BlackElo "1055"]
[PlyCount "104"]
[Result "0-1"]

1.Nf3 d5 2.d4 c6 3.e3 Bg4 4.Be2 Bxf3 5.Bxf3 e6 
6.O-O Nf6 7.Nc3 Bb4 8.Bd2 Bxc3 9.Bxc3 O-O 10.Bb4 
Re8 11.Qd3 a5 12.Bc3 a4 13.a3 b5 14.Rae1 h5 15.e4 
dxe4 16.Bxe4 Ra7 17.d5 exd5 18.Bf3 Rxe1 19.Rxe1 
Re7 20.g3 Rxe1+ 21.Bxe1 Qe7 22.Bb4 Qe5 23.c3 Nbd7 
24.h4 Nb6 25.Qd4 Qxd4 26.cxd4 Nc4 27.Bc3 Kf8 
28.Kg2 Ne4 29.Bxh5 Nxc3 30.bxc3 Nxa3 31.Bg4 Ke7 
32.Bc8 Nc4 33.Bb7 a3 34.Bxc6 a2 35.Bxd5 a1Q 36.Bc6 
Qxc3 37.Bxb5 Qxd4 38.Ba6 Qd5+ 39.Kh3 Qe6+ 40.Kh2 
Qxa6 41.Kg2 Qc6+ 42.Kf1 Ke6 43.Ke2 Qe4+ 44.Kd1 
Nb2+ 45.Kc1 Qe2 46.Kb1 Qxf2 47.Kc1 Nd3+ 48.Kd1 Kf5 
49.h5 Kg5 50.g4 Kxg4 51.h6 Kf3 52.hxg7 
Qe2+ 0-1

[Event "HCL-A2554"]
[Site "www.playchess.de"]
[Date "2006.03.17"]
[Round "14"]
[White "Eli"]
[Black "freno"]
[WhiteElo "1604"]
[BlackElo "1577"]
[PlyCount "63"]
[Result "1-0"]

1.d4 {Hello again, good games}  Nf6 {Hello, and 
happy year 2006}  2.Nf3 e6 3.Bf4 b6 4.e3 Bb7 
5.Nbd2 Be7 6.h3 O-O 7.Bd3 c5 8.c3 d5 9.Ne5 Nbd7 
10.Ndf3 Nxe5 11.Bxe5 cxd4 12.exd4 Nd7 13.O-O Nxe5 
14.Nxe5 a6 15.f4 g6 16.Qg4 Kg7 17.f5 exf5 18.Bxf5 
Bc8 19.Rae1 Bxf5 20.Rxf5 Qc7 21.Rxf7+ Rxf7 22.Nxf7 
Kxf7 23.Qe6+ Kf8 24.Rf1+ Kg7 25.Rf7+ Kh6 26.Rxe7 
Qf4 27.Qe3 Qxe3+ 28.Rxe3 b5 29.Re5 Rc8 30.Rxd5 Rc6 
31.Rc5 Rd6 32.Kf2 1-0

[Event "HCL-A2658"]
[Site "www.playchess.de"]
[Date "2006.03.17"]
[Round "18"]
[White "BohdanL"]
[Black "freno"]
[WhiteElo "1472"]
[BlackElo "1596"]
[PlyCount "34"]
[Result "1-0"]

1.e4 {hi, nice to meet you again, bon jeu}  c5 
2.Nf3 Nc6 3.d4 cxd4 4.Nxd4 a6 5.Nc3 d6 6.Be3 Nf6 
7.f3 g6 8.Qd2 Bg7 9.O-O-O Qa5 10.g4 Nxd4 11.Bxd4 
O-O 12.g5 Ne8 13.Bxg7 Nxg7 14.Kb1 Be6 15.h4 Nh5 
16.Nd5 Bxd5 17.Qxa5 {?}  Bxa2+ {so tired :-) thank 
you for the game, nice week-end. and CHECK !} 
 1-0

[Event "HCL-C4153"]
[Site "www.playchess.de"]
[Date "2006.03.17"]
[Round "18"]
[White "spartan1"]
[Black "nicola"]
[WhiteElo "883"]
[BlackElo "1111"]
[PlyCount "92"]
[Result "0-1"]

1.d4 e6 {hi}  2.e4 {A big hello.}  b6 3.Nf3 Bb7 
4.d5 Nf6 5.Bg5 Be7 6.Qd4 O-O 7.Nfd2 Ng4 8.Bxe7 
Qxe7 9.d6 Qd8 10.e5 Nh6 11.Bd3 Qg5 12.dxc7 Qxg2 
13.Rf1 Nc6 14.Qxd7 Nxe5 15.Qd6 Nxd3+ 16.Qxd3 Qxh2 
17.Nc3 Qxc7 18.O-O-O Rad8 19.Qe3 Nf5 20.Qe2 Rd7 
21.Nb5 Ba6 22.a4 Bxb5 23.Qxb5 Nd4 24.Qd3 {That was 
certainly a great move.}  Rc8 25.c3 Nb3+ 26.Nxb3 
Rxd3 27.Rxd3 Qc4 28.Kc2 Qxa4 29.Rfd1 g6 30.Ra1 Qe4 
31.Rxa7 b5 32.Rad7 b4 33.R7d4 Qb7 34.Rxb4 Qxb4 
35.Rd4 Qb7 36.f4 h5 37.Rd2 h4 38.Rh2 Qe4+ 39.Kd1 
Rd8+ 40.Kc1 Qxf4+ 41.Kb1 Qxh2 42.Ka2 Ra8+ 43.Na5 
Rxa5+ 44.Kb1 Rb5 45.b4 Rg5 46.c4 
Rg1+ 0-1

[Event "HCL-E1566"]
[Site "www.playchess.de"]
[Date "2006.03.17"]
[Round "5"]
[White "Matu"]
[Black "thg007"]
[WhiteElo "1521"]
[BlackElo "1381"]
[PlyCount "96"]
[Result "0-1"]

1.e4 e5 {Hi, Matu, nice meeting you. Greetings 
from Malaysia, I'm TH Gan. Let's have a good 
game.}  2.Nf3 {hi greetings from germany and good 
luck}  Nc6 {thanks. I think I need lots of that - 
this is the first time I'm playing in the E-class 
tournament :-)}  3.Bc4 Be7 4.c3 Nf6 5.O-O d5 
6.exd5 Nxd5 7.Re1 Nb6 8.Bb3 Bg4 9.h3 Bxf3 10.Qxf3 
O-O 11.Bc2 Nd7 12.b3 Bf6 13.Bb2 Ne7 14.d3 c6 
15.Nd2 Qc7 16.Ne4 Nd5 17.Nxf6+ N5xf6 18.d4 Rfe8 
19.c4 exd4 20.Bxd4 b6 21.Rad1 Rad8 22.Rxe8+ Rxe8 
23.Be3 Ne5 24.Qf5 Ng6 25.Bg5 Re5 26.Bf4 Nxf4 
27.Rd8+ Qxd8 28.Qxe5 Ng6 29.Qf5 Qd4 30.Qc8+ Nf8 
31.Qxc6 Qa1+ 32.Kh2 Qxa2 33.Bd1 Qxf2 34.Bf3 Qb2 
35.Qa4 Qe5+ 36.Kg1 Qb8 37.Kf2 Ne6 38.b4 Nd4 39.g3 
Nxf3 40.Kxf3 Qa8+ 41.Kf2 Ne4+ 42.Ke3 Nxg3 43.c5 
bxc5 44.bxc5 Nf5+ 45.Kf4 Ne7 46.Qd7 Ng6+ 47.Ke3 h6 
48.c6 Ne5 0-1

[Event "HCL-C4164"]
[Site "www.playchess.de"]
[Date "2006.03.17"]
[Round "20"]
[White "cla114"]
[Black "Gordon"]
[WhiteElo "851"]
[BlackElo "1008"]
[PlyCount "135"]
[Result "1-0"]

1.e4 c5 2.Nf3 Nc6 3.Bb5 a6 4.Bxc6 bxc6 5.d4 cxd4 
6.Qxd4 Nf6 7.O-O d5 8.Nc3 Be6 9.e5 Nd7 10.Bf4 Nb6 
11.b3 g6 12.Ng5 Bg7 13.Qc5 Nd7 14.Qxc6 Qc8 15.Qa4 
O-O 16.Ne2 Qxc2 17.Rae1 Nc5 18.Nd4 Qc3 19.Ne2 Nxa4 
20.Nxc3 Nxc3 21.a4 d4 22.Bd2 Rfc8 23.Bc1 Rab8 
24.Bb2 Rxb3 25.Ba1 d3 26.Nf3 Nxa4 27.Red1 Bc4 
28.Nd2 Rc5 29.Ne4 Rd5 30.Rfe1 Nc3 31.Nxc3 Bxe5 
32.Nxd5 Bxa1 33.Rdxa1 d2 34.Red1 Rb2 35.Ne3 Bb3 
36.Rdf1 f5 37.g3 g5 38.f4 gxf4 39.gxf4 a5 40.Rf2 
Kg7 41.Rg2+ Kf6 42.Rf1 h5 43.Rg5 h4 44.Rxf5+ Ke6 
45.Rxa5 Ba2 46.f5+ Kf7 47.Ra7 Bb1 48.f6 Bd3 
49.Rxe7+ Kf8 50.Ra1 Rb8 51.Raa7 Re8 52.Rec7 Be2 
53.f7 Rd8 54.Kf2 d1Q 55.Nxd1 Bxd1 56.Rc4 Bb3 
57.Rf4 h3 58.Rh4 Bxf7 59.Rh8+ Bg8 60.Rxh3 Rd2+ 
61.Ke3 Rd8 62.Rf3+ Ke8 63.h4 Be6 64.Rf6 Bg8 65.h5 
Bc4 66.h6 Bg8 67.Rg6 Kf8 68.Rgg7 1-0

[Event "HCL-E1566"]
[Site "www.playchess.de"]
[Date "2006.03.17"]
[Round "9"]
[White "Dutchin"]
[Black "Baldrick"]
[WhiteElo "1627"]
[BlackElo "1703"]
[PlyCount "37"]
[Result "1/2-1/2"]

1.e4 Nf6 2.e5 Nd5 3.d4 d6 4.Nf3 dxe5 5.Nxe5 c6 
6.Bc4 Nd7 7.Nxd7 Bxd7 8.O-O Bf5 9.Bg5 Qd7 10.Re1 
e6 11.Nd2 Be7 12.Nf3 Bxg5 13.Nxg5 O-O 14.c3 h6 
15.Nf3 Rfd8 16.Bd3 Bxd3 17.Qxd3 Nf4 18.Qe4 Ng6 
19.Ne5 1/2-1/2

[Event "HCL-A2599"]
[Site "www.playchess.de"]
[Date "2006.03.17"]
[Round "3"]
[White "Kannsnich"]
[Black "dynamike"]
[WhiteElo "1345"]
[BlackElo "1451"]
[PlyCount "59"]
[Result "1-0"]

1.c4 {hilfe du schon wieder,aber jetzt hab ich 
weiß ! Es gibt doch noch etwas gerechtigkeit}  Nf6 
{... aber nur, wenn ich gewinne :)}  2.Nc3 g6 
3.Nf3 {das muß ich irgendwie verhindern}  Bg7 4.g3 
d5 5.cxd5 Nxd5 6.Bg2 c6 7.O-O O-O 8.e4 Nxc3 9.bxc3 
{ja gib mir platz im zentrum}  Nd7 10.Bb2 Nc5 
{soviel Du willst}  11.Ne1 {verdammt wieso ist 
meine eröffnung so schlecht}  Nd3 {hey, vielleicht 
ist meine einfach nur so gut :)}  12.Nxd3 Qxd3 
13.f4 Rd8 14.Rf2 b5 15.Qe2 Qc2 16.d4 Qxe2 17.Rxe2 
Rb8 18.Ba3 e6 19.e5 Bb7 20.Bc5 a5 21.a3 Rbc8 
22.Rb1 {hm ich steh ja gar nicht so beschissen wie 
sonst in unseren partien}  Ba6 {Ja, das gibt mir 
auch zu denken :-)}  23.Reb2 {ne solch einfache 
befreiungen sind leider vorerst nicht drin}  h5 
24.Bf1 Kh7 25.a4 Rcb8 26.Bg2 Rdc8 27.Bf1 Kh6 
28.axb5 {yeaah
}  cxb5 29.Bxb5 Bb7 30.Bd3 1-0

[Event "HCL-C4153"]
[Site "www.playchess.de"]
[Date "2006.03.17"]
[Round "13"]
[White "nicola"]
[Black "Milosforman"]
[WhiteElo "1111"]
[BlackElo "950"]
[PlyCount "75"]
[Result "1-0"]

1.e3 {hi}  c5 2.b3 e6 3.Bb2 f6 4.Nf3 d6 5.Bb5+ Bd7 
6.Bxd7+ Qxd7 7.O-O e5 8.Nc3 Ne7 9.d3 Nec6 10.Nd5 
Nb4 11.Nxb4 cxb4 12.a3 bxa3 13.Bxa3 Nc6 14.c3 b5 
15.Nh4 a5 16.e4 b4 17.cxb4 axb4 18.Bb2 Rxa1 
19.Qxa1 Be7 20.Qa8+ Bd8 21.Nf5 O-O 22.Qa4 Bb6 
23.Qxc6 Qd8 24.Qxd6 Qxd6 25.Nxd6 Bd4 26.Bxd4 exd4 
27.Rc1 Rd8 28.Rc8 Rxc8 29.Nxc8 Kf7 30.Na7 Ke6 
31.Nc6 Kd6 32.Nxb4 Kc5 33.Nc2 g6 34.f4 f5 35.e5 
Kd5 36.b4 h6 37.Nxd4 Kxd4 38.e6 1-0

[Event "HCL-C4121"]
[Site "www.playchess.de"]
[Date "2006.03.17"]
[Round "7"]
[White "Skipper_Robert"]
[Black "de_zeis"]
[WhiteElo "1017"]
[BlackElo "800"]
[PlyCount "116"]
[Result "0-1"]

1.e4 e6 2.e5 Nc6 3.d4 Nh6 4.Nf3 d6 5.h3 g6 6.Ng5 
dxe5 7.dxe5 Nxe5 8.Bd3 Nxd3+ 9.Qxd3 b6 10.Qf3 Rb8 
11.Be3 Bb7 12.Qg3 Nf5 13.Qg4 Nxe3 14.fxe3 h5 
15.Qg3 Bd6 16.Qh4 Bxg2 17.Rg1 Bc6 18.Qf2 Rf8 
19.Nc3 f6 20.Nxe6 Qe7 21.Nxf8 Kxf8 22.Rxg6 Kf7 
23.Rg1 Bc5 24.Rg3 h4 25.Rf3 Re8 26.O-O-O Bxf3 
27.Qxf3 Bxe3+ 28.Kb1 Bg5 29.Nd5 Qe5 30.Qh5+ Kg7 
31.Qg4 Rd8 32.Qg2 c6 33.Nc3 Rd6 34.Qf1 Rd4 35.a3 
Rf4 36.Qa6 Qe7 37.Ne2 Re4 38.Nc3 {(offering draw)} 
 Re3 39.Qc4 Re1 40.Qxc6 f5 41.Ka2 f4 42.Qb5 f3 
43.Qc4 f2 44.Qd4+ Bf6 45.Qxf2 Re3 46.Qg2+ Kh7 
47.Qg4 Bxc3 48.Qh5+ Kg7 49.Rg1+ Rg3 50.Rxg3+ hxg3 
51.Qg4+ Kf8 52.Qxg3 Qe6+ 53.b3 Be5 54.Qg2 Qd6 
55.Qf3+ Ke7 56.h4 Qd2 57.Kb1 Qe1+ 58.Ka2 
Qa1+ 0-1

[Event "HCL-C4181"]
[Site "www.playchess.de"]
[Date "2006.03.17"]
[Round "6"]
[White "JMD"]
[Black "nichju"]
[WhiteElo "1337"]
[BlackElo "989"]
[PlyCount "73"]
[Result "1-0"]

1.d4 {hello again with pleasure}  d5 {Hello again 
too. I hope I get a chance to win the game ;-)}  
2.e4 {ok!}  c6 3.e5 f6 4.f4 Bf5 5.Bd3 e6 6.Bxf5 
exf5 7.Qe2 Ne7 8.e6 Qa5+ 9.c3 Ng6 10.Nf3 Bd6 
11.O-O O-O 12.g3 c5 13.Bd2 Qb6 14.Be3 Re8 15.b3 
Rxe6 16.Qf2 Nd7 17.Nbd2 Qc7 18.c4 dxc4 19.Nxc4 
cxd4 20.Nxd4 Re4 21.Nxf5 Bc5 22.Rfe1 Rae8 23.Rac1 
Bxe3 24.Ncxe3 Qb6 25.Rcd1 R4e6 26.Rxd7 Kh8 27.h4 
h5 28.Qf3 Kg8 29.Rxg7+ Kf8 30.Rxg6 a5 31.Qxh5 
R6xe3 32.Qh8+ Kf7 33.Qg7+ Ke6 34.Rxf6+ Kd5 35.Qd7+ 
Kc5 36.Rc1+ Kb4 37.Qa4+ 1-0

[Event "HCL-A2404"]
[Site "www.playchess.de"]
[Date "2006.03.17"]
[Round "4"]
[White "Dirk_Diggler"]
[Black "MAGICIAN"]
[WhiteElo "1640"]
[BlackElo "1650"]
[PlyCount "98"]
[Result "0-1"]

1.e4 {hi, good luck}  e5 {same to u.}  2.Nf3 Nf6 
3.Nxe5 d6 4.Nxf7 Kxf7 5.d4 c6 6.Nc3 Be6 7.Bd3 Nbd7 
8.O-O Qb6 9.Ne2 Be7 10.Kh1 Rhf8 11.b3 Kg8 12.Bb2 
Ng4 13.Qe1 d5 14.Ng3 Rae8 15.f3 Nh6 16.f4 Bh4 
17.Qe3 Ng4 18.Qf3 dxe4 19.Nxe4 Ngf6 20.Ba3 Bg4 
21.Nxf6+ Nxf6 22.Bc4+ Kh8 23.Qd3 Be2 24.Qh3 Bxf1 
25.Rxf1 g5 26.Bxf8 Rxf8 27.fxg5 Bxg5 28.Bd3 Qxd4 
29.Bxh7 Qe3 30.Qxe3 Bxe3 31.Bd3 Kg7 32.a4 Rh8 
33.Bf5 Rd8 34.g4 {sorry about the delay, had a 
busy week}  Rd2 35.h3 Nd5 36.Rf3 Bg5 37.c4 Rd1+ 
38.Kh2 Bf4+ 39.Kg2 Ne3+ 40.Kf2 Rd2+ 41.Ke1 Rb2 
42.h4 Rxb3 43.Be4 Ng2+ 44.Kf2 Rb2+ 45.Kf1 Kf6 
46.g5+ Ke5 47.Bh7 Nxh4 48.g6 Nxf3 49.g7 
Be3 0-1

[Event "HCL-B3907"]
[Site "www.playchess.de"]
[Date "2006.03.17"]
[Round "14"]
[White "Absoluter_Beginner"]
[Black "nafets_bln"]
[WhiteElo "1721"]
[BlackElo "1281"]
[PlyCount "69"]
[Result "1-0"]

1.e4 e5 2.Nc3 Nf6 3.d3 Nc6 4.f4 d6 5.f5 Nd4 
{hallo! wo kommst du her? wohne in berlin}  6.Nf3 
{komme aus Gaggenau, bei Baden-Baden (Karlsruhe)}  
Nxf3+ {ein südlicht. komme aus kiel, also genau 
andere seite}  7.Qxf3 {wir machen immer/meistens 
Urlaub in Wilhelmshaven, also auch genau andere 
Seite}  c6 {ostsee ist schöner!!! es sei denn man 
leibt den schlamm ;-) nee, nordsee ist auch schon 
ok}  8.Bg5 b6 9.O-O-O Be7 10.g4 Bb7 11.h4 d5 
12.Bxf6 Bxf6 13.g5 Be7 14.Be2 d4 15.Nb1 a5 16.Rhf1 
Qd7 17.f6 gxf6 18.gxf6 Bf8 19.Qg3 Bh6+ 20.Nd2 
O-O-O 21.Qxe5 Rde8 22.Qh5 Bxd2+ 23.Rxd2 Kb8 24.Bg4 
Qc7 25.Rg2 Re5 26.Bf5 Bc8 {(offering draw)}  
27.Rg7 Ba6 28.Rxf7 Qd6 29.Rg1 Bc8 30.Rxh7 Rxh7 
31.Qxh7 Qd8 32.Bxc8 {schönes Spiel, aber jetzt 
gehts zu Ende}  Kxc8 {so schön fand ich das gar 
nicht ;-)aber stimmt wohl...}  33.Rg8 
{ansichtssache :-), aber mach dir keine Gedanken, 
ich spiel seit 10 Jahren Schach und bin stellv. 
Jugendleiter in meinem Verein}  Re8 {da komm ich 
als hobbyspieler nicht mit}  34.f7 {dafür liefs 
doch ganz gut}  Rf8 35.Rxf8 1-0

[Event "HCL-C4215"]
[Site "www.playchess.de"]
[Date "2006.03.17"]
[Round "13"]
[White "Veltliner"]
[Black "simple"]
[WhiteElo "1200"]
[BlackElo "767"]
[PlyCount "77"]
[Result "1-0"]

1.e3 e5 2.Nc3 Nc6 3.Bb5 a6 4.Ba4 b5 5.Bb3 d5 
6.Bxd5 Bb7 7.Nf3 b4 8.Bxc6+ Bxc6 9.Nb1 Bc5 10.O-O 
Bd6 11.d3 Qf6 12.e4 h6 13.Nbd2 Ne7 14.Nc4 Bc5 
15.Ncxe5 Qe6 {i have to go to bed will resume 
tomorrow night. Have a good day.}  16.Bf4 {yea, 
good night,}  O-O-O 17.d4 Bb6 18.Re1 f5 19.Nxc6 
Qxc6 20.d5 Qf6 21.Be5 Qf8 22.Qe2 Ng6 23.Qxa6+ Kd7 
24.Qc4 {good morning. you are a 
Preacher?
What Religion, very interresting.}  Nxe5 25.Nxe5+ 
Ke7 {Southern Baptist and Non-denominational, 45 
years. I am a cousin of Dr.Billy Graham. I can't 
tell if my message is getting to you.}  26.Ng6+ 
Kd6 {good move my friend. ouch}  27.Nxf8 {In the 
other play with you, I can't play!
It's a mistake on my page.}  Rhxf8 28.e5+ Ke7 
29.e6 Rd6 30.Qxb4 f4 31.c4 f3 {Good Afternoon.}  
32.c5 {Hallo friend, we have 19,50 
o'clock!
What is your country? Alabama, Luisiana or 
Georgia? My Writer is JOHN GRISHAM, very good, he 
is from Mississippi, I think.}  Ba7 33.cxd6+ cxd6 
{opps I made a bad move}  34.Qb7+ Kf6 35.Qxa7 Re8 
{oh the trouble I am in!}  36.e7 Kg6 37.Qe3 fxg2 
38.Qe4+ Kf7 39.Qe6+ 1-0

[Event "HCL-C4215"]
[Site "www.playchess.de"]
[Date "2006.03.17"]
[Round "14"]
[White "simple"]
[Black "Veltliner"]
[WhiteElo "767"]
[BlackElo "1200"]
[PlyCount "74"]
[Result "0-1"]

1.e4 e5 2.Nf3 d6 3.Nc3 Nf6 4.d4 Qe7 5.Bc4 Bg4 6.h3 
Bxf3 7.Qxf3 exd4 8.Nb5 c5 9.O-O a6 10.Na3 Nc6 
11.Bg5 Ne5 12.Qe2 h6 13.Bb3 hxg5 14.Nc4 {I am 
preaching 3 services today so I will not be able 
to make another move until tomorrow night. I am 
really enjoying playing you. Best Regards.}  Qc7 
15.Nxe5 dxe5 16.c3 b5 17.Rac1 c4 18.Bd1 d3 19.Qe3 
Rd8 20.b3 g6 21.Qxg5 Qb6 22.Qxe5+ Be7 23.Re1 d2 
24.Be2 dxc1Q 25.Rxc1 Rh4 26.bxc4 Rxe4 27.Qg3 Rxe2 
28.Rf1 Bc5 29.Qh4 Ke7 30.Kh2 Bxf2 31.Rxf2 Rxf2 
32.Kg3 Rd3+ 33.Kh2 Rf1 34.Qg3 {Good game my 
friend. We will meet again. I enjoyed playing 
you.}  Rxg3 35.Kxg3 {you missed your checkmate, I 
am still barely alive.}  Qe3+ {Oh, yea Q-g1,}  
36.Kh2 Nh5 37.h4 Qg3+ {I hope, I see you again!I 
wish you a beautiful day!}  0-1

[Event "HCL-B3849"]
[Site "www.playchess.de"]
[Date "2006.03.17"]
[Round "13"]
[White "Genesio"]
[Black "Varaboca"]
[WhiteElo "1091"]
[BlackElo "1006"]
[PlyCount "99"]
[Result "1-0"]

1.d4 {Welcome!}  d5 {Welcome back. Salud.}  2.c4 
Nf6 3.Nc3 c6 4.Bg5 Nbd7 5.Nf3 h6 6.Bh4 dxc4 7.e4 
b5 8.b3 g5 9.Bg3 Nb6 10.e5 Nfd5 11.Nxd5 Nxd5 
12.bxc4 Qa5+ 13.Qd2 Qd8 14.cxd5 Qxd5 15.Bd3 Bg7 
16.O-O O-O 17.Rac1 Qd7 18.Rc5 a5 19.Rfc1 Ra6 20.a4 
Rb6 21.Qxa5 Qb7 22.axb5 Bd7 23.Ra1 cxb5 24.Qa7 
Qxa7 25.Rxa7 Rd8 26.Ra5 b4 27.Nd2 f5 28.f4 e6 
29.Nb3 Bf8 30.Rc7 Bc6 31.Ra6 Rxa6 32.Bxa6 Bd7 
33.Kf2 g4 34.Ke3 Be7 35.Kd3 Kf7 36.Kc4 Kg6 37.Be1 
Bf8 38.Bxb4 Bg7 39.Be7 Ra8 40.Rxd7 Rxa6 41.Nc5 Rc6 
42.Rd6 Rc8 43.Rxe6+ Kh7 44.d5 Bf8 45.d6 Bxe7 
46.Rxe7+ Kg8 47.Kd5 Ra8 48.Ne6 Ra1 49.d7 Rd1+ 
50.Nd4 1-0

[Event "HCL-C4152"]
[Site "www.playchess.de"]
[Date "2006.03.17"]
[Round "8"]
[White "Milosforman"]
[Black "Idris"]
[WhiteElo "938"]
[BlackElo "844"]
[PlyCount "66"]
[Result "0-1"]

1.d4 d5 2.Nf3 e6 3.e3 Nc6 4.Bb5 Bd7 5.a4 Bd6 
6.Bxc6 Bxc6 7.b3 Nf6 8.Bb2 Qd7 9.Nc3 Ng4 10.h3 Nf6 
11.Ng5 h6 12.Nf3 Bb4 13.Ne5 Qe7 14.O-O O-O-O 
15.Nxc6 bxc6 16.Qd3 Bxc3 17.Bxc3 Ne4 18.Bb2 Qf6 
19.Qa6+ Kd7 20.Qxa7 g5 21.c4 h5 22.c5 g4 23.Qa5 
Qg6 24.h4 f5 25.Qb4 g3 26.f3 Nf2 27.Bc3 Qf6 28.a5 
Qxh4 29.Rxf2 gxf2+ 30.Kf1 Rhg8 31.Bb2 Qg3 32.Ra2 
Qxg2+ 33.Ke2 f1Q+ 0-1